[Event "POL-ch rapid"]
[Site "Zgierz"]
[Date "2018.03.04"]
[Round "6"]
[White "Reza, Wojciech"]
[Black "Wisniowska, Klaudia"]
[Result "1/2-1/2"]
[WhiteElo "2283"]
[BlackElo "2121"]
[PlyCount "35"]
[EventDate "2018.03.04"]
[EventType "swiss (rapid)"]
[EventRounds "9"]
[EventCountry "POL"]
[SourceTitle "CBM 183 Extra"]
[Source "ChessBase"]
[SourceDate "2018.04.19"]
[SourceVersion "1"]
[SourceVersionDate "2018.04.19"]
[SourceQuality "1"]

1. e4 c5 2. Nf3 d6 3. Bb5+ Bd7 4. Bxd7+ Qxd7 5. c4 Nc6 6. Nc3 g6 7. d4 cxd4 8. Nxd4 Bg7 9. Be3 Rc8 10. b3 Nf6 11. f3 0-0 12. Qd3 e6 13. Nxc6 bxc6 14. 0-0 Nh5 15. Rad1 Qe7 16. g4 Bxc3 17. Qxc3 Ng7 18. Qd4 1/2-1/2

[Event "POL-chT rapid"]
[Site "Zgierz"]
[Date "2018.03.03"]
[Round "9.16"]
[White "Kucharska, Honorata"]
[Black "Wisniowska, Klaudia"]
[Result "1-0"]
[WhiteElo "2082"]
[BlackElo "2121"]
[PlyCount "57"]
[EventDate "2018.03.03"]
[EventType "team-swiss (rapid)"]
[EventRounds "9"]
[EventCountry "POL"]
[SourceTitle "CBM 183 Extra"]
[Source "ChessBase"]
[SourceDate "2018.04.19"]
[SourceVersion "1"]
[SourceVersionDate "2018.04.19"]
[SourceQuality "1"]
[WhiteTeam "Rybnik"]
[BlackTeam "Gorzow Wielkopolski Stilon"]
[WhiteTeamCountry "POL"]
[BlackTeamCountry "POL"]

1. e4 c5 2. Nc3 g6 3. g3 Bg7 4. Bg2 d6 5. f4 Nc6 6. Nf3 e6 7. 0-0 Nge7 8. d3 0-0 9. Be3 Nd4 10. Rb1 Nec6 11. Ne2 Rb8 12. c3 Nxe2+ 13. Qxe2 b5 14. Qf2 b4 15. c4 a5 16. Kh1 Ne7 17. g4 f5 18. gxf5 exf5 19. Rbd1 Nc6 20. exf5 Bxf5 21. Ng5 Ne7 22. d4 Bg4 23. Rd2 h6 24. Ne4 d5 25. dxc5 d4 26. Bxd4 Bxd4 27. Rxd4 Qc7 28. Rd6 Bf5 29. Nf6+ 1-0

[Event "POL-chT rapid"]
[Site "Zgierz"]
[Date "2018.03.03"]
[Round "8.28"]
[White "Wisniowska, Klaudia"]
[Black "Czarnecka, Lidia"]
[Result "0-1"]
[WhiteElo "2121"]
[BlackElo "1809"]
[PlyCount "64"]
[EventDate "2018.03.03"]
[EventType "team-swiss (rapid)"]
[EventRounds "9"]
[EventCountry "POL"]
[SourceTitle "CBM 183 Extra"]
[Source "ChessBase"]
[SourceDate "2018.04.19"]
[SourceVersion "1"]
[SourceVersionDate "2018.04.19"]
[SourceQuality "1"]
[WhiteTeam "Gorzow Wielkopolski Stilon"]
[BlackTeam "Olsztyn Kopernik"]
[WhiteTeamCountry "POL"]
[BlackTeamCountry "POL"]

1. d4 d6 2. Nf3 Bg4 3. c4 c6 4. Nc3 Nd7 5. e3 Ngf6 6. Be2 e5 7. 0-0 Be7 8. b3 0-0 9. Bb2 Re8 10. Nd2 Bf5 11. e4 exd4 12. exf5 dxc3 13. Bxc3 d5 14. Nf3 Nb6 15. Ba5 Qd7 16. Bxb6 axb6 17. Qc2 Bc5 18. cxd5 Nxd5 19. Bc4 Nb4 20. Qb2 Qxf5 21. a3 Nd5 22. b4 Be7 23. Rad1 Nf4 24. Rfe1 b5 25. Bf1 Bf6 26. Qb3 h6 27. g3 Nd5 28. Rxe8+ Rxe8 29. Bxb5 Nc3 30. Bc4 Qxf3 31. Bxf7+ Kf8 32. Bxe8 Ne2+ 0-1

[Event "POL-chT rapid"]
[Site "Zgierz"]
[Date "2018.03.03"]
[Round "2.16"]
[White "Wisniowska, Klaudia"]
[Black "Parol, Pola"]
[Result "1/2-1/2"]
[WhiteElo "2121"]
[BlackElo "1917"]
[PlyCount "81"]
[EventDate "2018.03.03"]
[EventType "team-swiss (rapid)"]
[EventRounds "9"]
[EventCountry "POL"]
[SourceTitle "CBM 183 Extra"]
[Source "ChessBase"]
[SourceDate "2018.04.19"]
[SourceVersion "1"]
[SourceVersionDate "2018.04.19"]
[SourceQuality "1"]
[WhiteTeam "Gorzow Wielkopolski Stilon"]
[BlackTeam "Minsk Mazowiecki MTSz"]
[WhiteTeamCountry "POL"]
[BlackTeamCountry "POL"]

1. e4 c5 2. Nf3 Nc6 3. d4 cxd4 4. Nxd4 g6 5. c4 Nf6 6. Nc3 d6 7. Be3 Ng4 8. Nc2 Nxe3 9. Nxe3 Bg7 10. Rc1 0-0 11. Be2 Be6 12. 0-0 Rc8 13. b3 Qa5 14. Qd2 Nd4 15. Rfd1 Nxe2+ 16. Nxe2 Qxd2 17. Rxd2 b5 18. Nd4 Bd7 19. Ne2 Bh6 20. f4 Be6 21. g3 bxc4 22. Nxc4 Bxc4 23. Rxc4 Rxc4 24. bxc4 Rc8 25. Rc2 e6 26. Kf2 Bf8 27. Ke3 d5 28. exd5 exd5 29. Kd3 dxc4+ 30. Rxc4 Rd8+ 31. Rd4 Rb8 32. Rc4 Rb2 33. Rc2 Rb7 34. Nc3 Kg7 35. Ne2 Be7 36. Nd4 Bf6 37. Nf3 Rd7+ 38. Ke2 Re7+ 39. Kd3 Rd7+ 40. Ke2 Re7+ 41. Kd3 1/2-1/2

[Event "POL-chT"]
[Site "Poland"]
[Date "2017.05.07"]
[Round "3.6"]
[White "Cyfka, Karina"]
[Black "Wisniowska, Klaudia"]
[Result "1-0"]
[WhiteElo "2408"]
[BlackElo "2157"]
[PlyCount "87"]
[EventDate "2017.05.05"]
[EventType "team-tourn"]
[EventRounds "9"]
[EventCountry "POL"]
[SourceTitle "CBM 178 Extra"]
[Source "ChessBase"]
[SourceDate "2017.06.22"]
[SourceVersion "1"]
[SourceVersionDate "2017.06.22"]
[SourceQuality "1"]
[WhiteTeam "Wroclaw Kopernik"]
[BlackTeam "Gorzow Wielkopolski Stilon"]
[WhiteTeamCountry "POL"]
[BlackTeamCountry "POL"]

1. d4 Nf6 2. c4 g6 3. Nc3 Bg7 4. e4 d6 5. Bd3 0-0 6. Nge2 Nc6 7. 0-0 Nd7 8. Be3 a6 9. Rb1 e5 10. d5 Nd4 11. b4 c5 12. dxc6 bxc6 13. a4 a5 14. b5 c5 15. Nd5 Bb7 16. Nec3 f5 17. exf5 gxf5 18. f4 e4 19. Be2 Kh8 20. Bf2 Nb6 21. Nxb6 Qxb6 22. Nd5 Bxd5 23. cxd5 Rg8 24. Kh1 Bf6 25. Bc4 Rg4 26. h3 Rg6 27. Qh5 Rf8 28. Be1 Rfg8 29. Rb2 Bg7 30. Ra2 Qc7 31. Qd1 Qb6 32. Be2 Rh6 33. Ra3 Bf6 34. Rg3 Rxg3 35. Bxg3 Bh4 36. Bxh4 Rxh4 37. Bh5 c4 38. g3 Rxh5 39. Qxh5 Qc7 40. Qg5 Ne2 41. Kh2 c3 42. Qxf5 Qe7 43. Qc8+ Kg7 44. Qg4+ 1-0

[Event "POL-chT"]
[Site "Poland"]
[Date "2017.05.06"]
[Round "2.6"]
[White "Wisniowska, Klaudia"]
[Black "Socko, Monika"]
[Result "0-1"]
[WhiteElo "2157"]
[BlackElo "2481"]
[PlyCount "92"]
[EventDate "2017.05.05"]
[EventType "team-tourn"]
[EventRounds "9"]
[EventCountry "POL"]
[SourceTitle "CBM 178 Extra"]
[Source "ChessBase"]
[SourceDate "2017.06.22"]
[SourceVersion "1"]
[SourceVersionDate "2017.06.22"]
[SourceQuality "1"]
[WhiteTeam "Gorzow Wielkopolski Stilon"]
[BlackTeam "Katowice Wasko"]
[WhiteTeamCountry "POL"]
[BlackTeamCountry "POL"]

1. e4 c6 2. d4 d5 3. Nc3 dxe4 4. Nxe4 Bf5 5. Ng3 Bg6 6. Nf3 e6 7. Bd3 Nf6 8. 0-0 Nbd7 9. b3 Qa5 10. Bb2 Ba3 11. Bxa3 Qxa3 12. Ne5 Rd8 13. Nc4 Qe7 14. Re1 0-0 15. Bxg6 hxg6 16. Qf3 Nb6 17. Rad1 Nxc4 18. bxc4 Qb4 19. Qb3 Qa5 20. c3 Rd7 21. Re5 Qc7 22. h3 b6 23. c5 Rb8 24. Rb1 Rdd8 25. Qc2 Nd5 26. cxb6 axb6 27. c4 Nf6 28. Qc3 Qd6 29. Ne2 Ra8 30. Qb4 c5 31. Qb3 cxd4 32. Rb5 Nd7 33. Qb2 d3 34. Nc3 Qd4 35. Rd1 Ne5 36. Rb4 d2 37. c5 Qxc5 38. Ne4 Qe7 39. Qb3 Rac8 40. Rxd2 Rc1+ 41. Kh2 Rxd2 42. Nxd2 Qd6 43. f4 Nc6 44. Ra4 Qxd2 45. Ra8+ Kh7 46. Qg3 Qe1 0-1

[Event "POL-chT"]
[Site "Poland"]
[Date "2015.09.06"]
[Round "6.2"]
[White "Wisniowska, Klaudia"]
[Black "Kika, Dorota"]
[Result "1/2-1/2"]
[WhiteElo "2186"]
[BlackElo "2202"]
[PlyCount "144"]
[EventDate "2015.05.08"]
[EventType "team-tourn"]
[EventRounds "9"]
[EventCountry "POL"]
[SourceTitle "EXT 2016"]
[Source "ChessBase"]
[SourceDate "2015.10.08"]
[SourceVersion "1"]
[SourceVersionDate "2015.10.08"]
[SourceQuality "1"]
[WhiteTeam "Gorzow Wielkopolski Stilon"]
[BlackTeam "Grudziadz Rotmistrz"]
[WhiteTeamCountry "POL"]
[BlackTeamCountry "POL"]

1. e4 c6 2. d4 d5 3. Nc3 dxe4 4. Nxe4 Bf5 5. Ng3 Bg6 6. h4 h6 7. Nf3 Nd7 8. h5 Bh7 9. Bd3 Bxd3 10. Qxd3 e6 11. Bd2 Qc7 12. 0-0-0 Ngf6 13. Ne4 0-0-0 14. g3 Nxe4 15. Qxe4 Be7 16. Kb1 Rhe8 17. Bf4 Bd6 18. Ne5 Nxe5 19. Bxe5 Bxe5 20. dxe5 Re7 21. Rxd8+ Qxd8 22. a3 Qd2 23. Qb4 Qxb4 24. axb4 Rd7 25. Rh4 Rd5 26. Rg4 Rxe5 27. Rxg7 Rf5 28. f4 Kd7 29. Rh7 Rf6 30. c4 Kd6 31. Kc2 e5 32. Kd3 exf4 33. gxf4 Rxf4 34. Rxh6+ Ke5 35. Rh8 Rf3+ 36. Kc2 Kd4 37. c5 Kc4 38. Rb8 Rf2+ 39. Kc1 Kd3 40. Rd8+ Kc4 41. Rb8 Kxb4 42. Rxb7+ Kxc5 43. Rxa7 Kd6 44. h6 f5 45. h7 Rh2 46. Ra5 Ke6 47. Rc5 Rxh7 48. Rxc6+ Kd5 49. Rc3 Kd4 50. Kd2 Rh2+ 51. Ke1 Rxb2 52. Ra3 Ke4 53. Kf1 Kf4 54. Rc3 Kg4 55. Ra3 f4 56. Rc3 Kf5 57. Ra3 Rd2 58. Rb3 Ke4 59. Ra3 Rd1+ 60. Kf2 Rd4 61. Kf1 Rd5 62. Kf2 Rd2+ 63. Kf1 Rd3 64. Rxd3 Kxd3 65. Kf2 Ke4 66. Ke2 f3+ 67. Kf2 Kf4 68. Kf1 Kf5 69. Kf2 Ke4 70. Kf1 Ke3 71. Ke1 f2+ 72. Kf1 Kf3 1/2-1/2

[Event "Warsaw Najdorf Memorial op-A 13th"]
[Site "Warsaw"]
[Date "2015.07.17"]
[Round "8"]
[White "Wisniowska, Klaudia"]
[Black "Adamski, Jan"]
[Result "1/2-1/2"]
[WhiteElo "2186"]
[BlackElo "2293"]
[PlyCount "62"]
[EventDate "2015.07.10"]
[EventType "swiss"]
[EventRounds "9"]
[EventCountry "POL"]
[SourceTitle "CBM 167 Extra"]
[Source "ChessBase"]
[SourceDate "2015.09.14"]
[SourceVersion "1"]
[SourceVersionDate "2015.09.14"]
[SourceQuality "1"]

1. e4 c5 2. Nf3 e6 3. d4 cxd4 4. Nxd4 a6 5. Nc3 b5 6. Be2 Bb7 7. Bf3 Qc7 8. 0-0 d6 9. Re1 Nd7 10. a4 bxa4 11. Rxa4 Ngf6 12. g3 Be7 13. Bg2 0-0 14. Qe2 Rfc8 15. h4 Nb6 16. Ra1 Nfd7 17. h5 Bf6 18. Rd1 h6 19. f4 Nc4 20. b3 Na5 21. Bb2 Nc6 22. Nxc6 Bxc6 23. Na4 Bxa4 24. Bxf6 Bb5 25. c4 Nxf6 26. cxb5 Qc5+ 27. Kh2 Qxb5 28. Qxb5 axb5 29. Rxa8 Rxa8 30. Rxd6 Ra2 31. Rb6 Ng4+ 1/2-1/2

[Event "Warsaw Najdorf Memorial op-A 13th"]
[Site "Warsaw"]
[Date "2015.07.14"]
[Round "6"]
[White "Bjornsson, Sigurbjorn"]
[Black "Wisniowska, Klaudia"]
[Result "0-1"]
[WhiteElo "2327"]
[BlackElo "2186"]
[PlyCount "102"]
[EventDate "2015.07.10"]
[EventType "swiss"]
[EventRounds "9"]
[EventCountry "POL"]
[SourceTitle "CBM 167 Extra"]
[Source "ChessBase"]
[SourceDate "2015.09.14"]
[SourceVersion "1"]
[SourceVersionDate "2015.09.14"]
[SourceQuality "1"]

1. e4 c5 2. Nf3 d6 3. d4 cxd4 4. Nxd4 Nf6 5. Nc3 Nc6 6. Bg5 e6 7. Qd2 a6 8. 0-0-0 Bd7 9. f3 Be7 10. h4 h6 11. Be3 h5 12. Bg5 Qc7 13. Kb1 Ne5 14. Be2 b5 15. Bd3 b4 16. Nce2 Qb6 17. Rhe1 a5 18. f4 Neg4 19. f5 e5 20. Nf3 a4 21. Ng3 Qc5 22. Re2 g6 23. b3 gxf5 24. Nxf5 Bxf5 25. exf5 Kf8 26. Bc4 e4 27. Nd4 d5 28. Bb5 a3 29. Be3 Nxe3 30. Rxe3 Ng4 31. c4 Rd8 32. Re2 Bf6 33. Nc6 e3 34. Qxb4 Qxb4 35. Nxb4 d4 36. Nc6 d3 37. Ree1 d2 38. Re2 Rd6 39. Nb4 Bxh4 40. Nc2 Bg5 41. c5 Rd5 42. b4 Kg7 43. Bc4 Rxf5 44. c6 Nf2 45. Nxe3 Bxe3 46. Rdxd2 Bxd2 47. Rxd2 Ne4 48. Rd4 Nc3+ 49. Kc2 Nb5 50. Rd7 Rc8 51. Bd5 Nd4+ 0-1

[Event "Warsaw Najdorf Memorial op-A 13th"]
[Site "Warsaw"]
[Date "2015.07.14"]
[Round "5"]
[White "Mickiewicz, Piotr"]
[Black "Wisniowska, Klaudia"]
[Result "1-0"]
[WhiteElo "2356"]
[BlackElo "2186"]
[PlyCount "119"]
[EventDate "2015.07.10"]
[EventType "swiss"]
[EventRounds "9"]
[EventCountry "POL"]
[SourceTitle "CBM 167 Extra"]
[Source "ChessBase"]
[SourceDate "2015.09.14"]
[SourceVersion "1"]
[SourceVersionDate "2015.09.14"]
[SourceQuality "1"]

1. d4 Nf6 2. c4 g6 3. Nc3 Bg7 4. g3 d6 5. Bg2 0-0 6. e3 Nbd7 7. Nge2 e5 8. 0-0 c6 9. b3 Re8 10. Qc2 Nf8 11. dxe5 dxe5 12. Rd1 Qa5 13. Bb2 Bg4 14. h3 Bf5 15. e4 Be6 16. Na4 N8d7 17. c5 b5 18. cxb6 axb6 19. Qxc6 Rac8 20. Qd6 b5 21. Nac3 Nc5 22. Qd2 b4 23. Nd5 Ncxe4 24. Qxb4 Qxb4 25. Nxb4 Bf8 26. Nd3 Rc2 27. Kf1 Nd2+ 28. Ke1 Bh6 29. Bc1 e4 30. Nb4 Rxc1 31. Raxc1 Nf3+ 32. Kf1 Bxc1 33. Nxc1 Rb8 34. Nc6 Rb6 35. Rd8+ Kg7 36. Nd4 Nxd4 37. Rxd4 Rc6 38. Nd3 Rc3 39. Nf4 Rc1+ 40. Ke2 Bf5 41. g4 Nxg4 42. hxg4 Bxg4+ 43. Kd2 Ra1 44. Bxe4 Rxa2+ 45. Bc2 Bf5 46. Nd3 Be6 47. Kc3 Ra8 48. Nc5 Rc8 49. b4 h5 50. Kd2 Bg4 51. Ke3 g5 52. f3 Bh3 53. Kf2 h4 54. Rd5 f6 55. b5 Rb8 56. Bd3 f5 57. Bxf5 Bxf5 58. Rxf5 Kg6 59. Nd7 Rb7 60. Rd5 1-0

[Event "Warsaw Najdorf Memorial op-A 13th"]
[Site "Warsaw"]
[Date "2015.07.13"]
[Round "4"]
[White "Wisniowska, Klaudia"]
[Black "Lewtak, Damian"]
[Result "0-1"]
[WhiteElo "2186"]
[BlackElo "2341"]
[PlyCount "60"]
[EventDate "2015.07.10"]
[EventType "swiss"]
[EventRounds "9"]
[EventCountry "POL"]
[SourceTitle "CBM 167 Extra"]
[Source "ChessBase"]
[SourceDate "2015.09.14"]
[SourceVersion "1"]
[SourceVersionDate "2015.09.14"]
[SourceQuality "1"]

1. e4 c5 2. Nf3 Nc6 3. d4 cxd4 4. Nxd4 Nf6 5. Nc3 d6 6. Bg5 e6 7. Qd2 a6 8. 0-0-0 Bd7 9. f3 Be7 10. h4 h6 11. Be3 h5 12. Kb1 Ne5 13. Qe1 Qc7 14. f4 Neg4 15. Bc1 b5 16. Bd3 b4 17. Nce2 Qc5 18. Rf1 a5 19. Qg3 a4 20. Nf3 e5 21. Qe1 0-0 22. Ng3 Rfb8 23. Qe2 Be6 24. b3 Qa5 25. Bb2 axb3 26. axb3 exf4 27. Nf5 Bxf5 28. exf5 Nd5 29. Kc1 Bf6 30. Nd4 Nc3 0-1

[Event "Krakow op-A 25th"]
[Site "Krakow"]
[Date "2015.01.03"]
[Round "8"]
[White "Nitish, Belurkar"]
[Black "Wisniowska, Klaudia"]
[Result "1/2-1/2"]
[WhiteElo "1967"]
[BlackElo "2187"]
[PlyCount "93"]
[EventDate "2014.12.27"]
[EventType "swiss"]
[EventRounds "9"]
[EventCountry "POL"]
[SourceTitle "CBM 164 Extra"]
[Source "ChessBase"]
[SourceDate "2015.03.02"]
[SourceVersion "1"]
[SourceVersionDate "2015.03.02"]
[SourceQuality "1"]

1. e4 c5 2. c3 d5 3. exd5 Qxd5 4. d4 Nc6 5. Nf3 Bf5 6. Na3 cxd4 7. Nb5 0-0-0 8. cxd4 e5 9. Nc3 Qa5 10. d5 Nb4 11. Be2 Nc2+ 12. Kf1 Nxa1 13. Nxe5 Nf6 14. Nxf7 Bb4 15. Bd2 Bxc3 16. Bxc3 Qxd5 17. Nxd8 Qxd1+ 18. Bxd1 Rxd8 19. Ke2 Ne4 20. Bxg7 Rd2+ 21. Ke3 Nc2+ 22. Bxc2 Rxc2 23. f3 Nd6 24. g4 Be6 25. h4 Nc4+ 26. Kf4 Nxb2 27. h5 Nd3+ 28. Ke3 Nc5 29. g5 Bxa2 30. g6 hxg6 31. h6 Bg8 32. h7 Bxh7 33. Rxh7 Ne6 34. Be5 a6 35. f4 b5 36. Ke4 Rc4+ 37. Ke3 Nc7 38. Rg7 Nd5+ 39. Kf3 Rc6 40. Ke4 Nb6 41. Rg8+ Kd7 42. Rg7+ Ke8 43. Rg8+ Kf7 44. Rg7+ Kf8 45. Rh7 Rc4+ 46. Bd4 Rc6 47. Be5 1/2-1/2

[Event "Krakow op-A 25th"]
[Site "Krakow"]
[Date "2015.01.02"]
[Round "7"]
[White "Mucha, Piotr"]
[Black "Wisniowska, Klaudia"]
[Result "1/2-1/2"]
[WhiteElo "2106"]
[BlackElo "2187"]
[PlyCount "47"]
[EventDate "2014.12.27"]
[EventType "swiss"]
[EventRounds "9"]
[EventCountry "POL"]
[SourceTitle "CBM 164 Extra"]
[Source "ChessBase"]
[SourceDate "2015.03.02"]
[SourceVersion "1"]
[SourceVersionDate "2015.03.02"]
[SourceQuality "1"]

1. e4 c5 2. Nf3 d6 3. d4 cxd4 4. Nxd4 Nf6 5. Nc3 Nc6 6. Bg5 Bd7 7. Qd2 h6 8. Bxf6 gxf6 9. Nf5 Qa5 10. Bd3 e6 11. Ne3 a6 12. 0-0 h5 13. f4 Qc5 14. Kh1 Be7 15. a4 h4 16. h3 Rg8 17. Rfe1 Rb8 18. Ned5 Bd8 19. Qe2 Nd4 20. Qh5 exd5 21. exd5+ Kf8 22. Qh6+ Rg7 23. Qh8+ Rg8 24. Qh6+ 1/2-1/2

[Event "Krakow op-A 25th"]
[Site "Krakow"]
[Date "2014.12.28"]
[Round "2"]
[White "Kolosowski, Mateusz"]
[Black "Wisniowska, Klaudia"]
[Result "1-0"]
[WhiteElo "2461"]
[BlackElo "2187"]
[PlyCount "87"]
[EventDate "2014.12.27"]
[EventType "swiss"]
[EventRounds "9"]
[EventCountry "POL"]
[SourceTitle "CBM 164 Extra"]
[Source "ChessBase"]
[SourceDate "2015.03.02"]
[SourceVersion "1"]
[SourceVersionDate "2015.03.02"]
[SourceQuality "1"]

1. e4 c5 2. Nc3 Nc6 3. Bb5 Nd4 4. Bc4 e6 5. Nge2 a6 6. Nxd4 cxd4 7. Ne2 b5 8. Bb3 Bc5 9. d3 Ne7 10. 0-0 0-0 11. c3 Nc6 12. Kh1 a5 13. a3 Qe7 14. f4 Rb8 15. f5 f6 16. Nf4 Ne5 17. Bd2 b4 18. axb4 axb4 19. cxd4 Bxd4 20. Qh5 Qf7 21. Qh3 Re8 22. Ra4 g5 23. Nh5 g4 24. Qh4 Nxd3 25. e5 Bxe5 26. fxe6 dxe6 27. Nxf6+ Kh8 28. Raa1 Rf8 29. Bg5 Bb7 30. Qxg4 Qg7 31. Nh5 Qg6 32. Bc2 Be4 33. Bxd3 Bxd3 34. Nf4 Bxf4 35. Rxf4 Bf5 36. Qh4 b3 37. Be7 Rf7 38. Bd6 Rc8 39. Be5+ Kg8 40. h3 h6 41. Rf3 Qh7 42. Rg3+ Kf8 43. Qb4+ Ke8 44. Qb5+ 1-0

[Event "POL-chT 70th"]
[Site "Gorzow Wielkopolski"]
[Date "2014.10.05"]
[Round "9.5"]
[White "Czarnota, Dorota"]
[Black "Wisniowska, Klaudia"]
[Result "1-0"]
[WhiteElo "2207"]
[BlackElo "2192"]
[PlyCount "133"]
[EventDate "2014.05.16"]
[EventType "team-tourn"]
[EventRounds "9"]
[EventCountry "POL"]
[SourceTitle "EXT 2015"]
[Source "ChessBase"]
[SourceDate "2014.11.20"]
[SourceVersion "1"]
[SourceVersionDate "2014.11.20"]
[SourceQuality "1"]
[WhiteTeam "Grudziadz Rotmistrz"]
[BlackTeam "Gorzow Wielkopolski Stilon"]
[WhiteTeamCountry "POL"]
[BlackTeamCountry "POL"]

1. d4 Nf6 2. c4 g6 3. Nc3 Bg7 4. e4 d6 5. f3 0-0 6. Be3 Nc6 7. Nge2 a6 8. Qd2 Na5 9. Ng3 b5 10. h4 h5 11. Bh6 Nxc4 12. Bxc4 bxc4 13. 0-0-0 d5 14. e5 Nh7 15. Nge2 f6 16. Rhg1 fxe5 17. dxe5 c6 18. Bxg7 Kxg7 19. g4 hxg4 20. fxg4 Rf3 21. Nd4 Rd3 22. Qf4 Rxd1+ 23. Nxd1 c5 24. Nf3 Qf8 25. Qe3 d4 26. Qe4 Rb8 27. h5 Rb6 28. Rf1 Bb7 29. Qe2 Qf4+ 30. Nd2 Qg5 31. Qxc4 e6 32. hxg6 Qxg6 33. Qa4 Rb5 34. Nf2 d3 35. Qf4 Rb4 36. Qe3 Rd4 37. Nh3 Bg2 38. Nf4 Qxg4 39. Rf2 Bd5 40. Nxd3 Qg1+ 41. Kc2 Qg6 42. Rf1 Be4 43. Nxe4 Rxe4 44. Qxc5 Qg2+ 45. Rf2 Re2+ 46. Rxe2 Qxe2+ 47. Kc3 Kh6 48. Qc8 Qg4 49. Qxa6 Ng5 50. Qc4 Ne4+ 51. Kb4 Qf5 52. Qc1+ Ng5 53. Qe3 Qf8+ 54. Kc4 Qa8 55. a3 Qa4+ 56. Kc3 Qc6+ 57. Nc5 Kh5 58. b4 Qh1 59. b5 Qa1+ 60. Kb4 Qb1+ 61. Ka5 Qd1 62. a4 Qd8+ 63. b6 Qa8+ 64. Kb5 Qe8+ 65. Kb4 Qc6 66. a5 Kg6 67. b7 1-0

[Event "POL-chT 70th"]
[Site "Gorzow Wielkopolski"]
[Date "2014.09.07"]
[Round "6.2"]
[White "Zawadzka, Jolanta"]
[Black "Wisniowska, Klaudia"]
[Result "1-0"]
[WhiteElo "2404"]
[BlackElo "2192"]
[PlyCount "93"]
[EventDate "2014.05.16"]
[EventType "team-tourn"]
[EventRounds "9"]
[EventCountry "POL"]
[SourceTitle "EXT 2015"]
[Source "ChessBase"]
[SourceDate "2014.11.20"]
[SourceVersion "1"]
[SourceVersionDate "2014.11.20"]
[SourceQuality "1"]
[WhiteTeam "Wroclaw Polonia"]
[BlackTeam "Gorzow Wielkopolski Stilon"]
[WhiteTeamCountry "POL"]
[BlackTeamCountry "POL"]

1. e4 c5 2. Nf3 Nc6 3. Bb5 d6 4. 0-0 Bd7 5. Re1 Nf6 6. h3 e6 7. c3 a6 8. Ba4 b5 9. Bc2 Be7 10. d4 e5 11. d5 Na5 12. Nbd2 c4 13. Nf1 0-0 14. Be3 Qc7 15. Ng3 g6 16. Nh2 Rfe8 17. f4 exf4 18. Bxf4 Rad8 19. Qf3 Bc8 20. Rf1 Rf8 21. Bh6 Nb7 22. Nf5 Bxf5 23. exf5 Nc5 24. Bxf8 Rxf8 25. Rae1 Bd8 26. Ng4 Nxg4 27. Qxg4 Nd3 28. Bxd3 cxd3 29. Kh1 Qc5 30. fxg6 hxg6 31. Qf3 d2 32. Re8 Qc7 33. Rxf8+ Kxf8 34. Qf4 Kg7 35. Qd4+ Kg8 36. Qxd2 Qc4 37. Qd1 Qc7 38. Qd4 Qd7 39. b3 Bg5 40. c4 bxc4 41. Qxc4 a5 42. Qc6 Qe7 43. Qa8+ Kg7 44. Qxa5 Bf6 45. Qd2 Be5 46. a4 Qh4 47. Qf2 1-0

[Event "Warsaw Najdorf Memorial op-A 12th"]
[Site "Warsaw"]
[Date "2014.07.18"]
[Round "7"]
[White "Wisniowska, Klaudia"]
[Black "Przedmojski, Rafal"]
[Result "0-1"]
[WhiteElo "2186"]
[BlackElo "2367"]
[PlyCount "122"]
[EventDate "2014.07.14"]
[EventType "swiss"]
[EventRounds "9"]
[EventCountry "POL"]
[SourceTitle "CBM 161 Extra"]
[Source "ChessBase"]
[SourceDate "2014.08.29"]
[SourceVersion "1"]
[SourceVersionDate "2014.08.29"]
[SourceQuality "1"]

1. e4 Nc6 2. Nf3 d5 3. e5 Bg4 4. Bb5 e6 5. d4 Nge7 6. 0-0 a6 7. Be2 Nb8 8. Nbd2 c5 9. h3 Bxf3 10. Nxf3 Nec6 11. c3 Nd7 12. b3 Rc8 13. Bb2 cxd4 14. cxd4 Be7 15. Rc1 Qa5 16. a3 Qb6 17. Bd3 0-0 18. Bb1 Na7 19. Qd3 g6 20. Nd2 Qa5 21. a4 Bb4 22. Nf3 b5 23. axb5 Nxb5 24. Rxc8 Rxc8 25. Ng5 Ba3 26. Qf3 Rf8 27. Bxa3 Qxa3 28. Qg4 Kg7 29. h4 Qb4 30. Nf3 h5 31. Qf4 Qxb3 32. Ng5 Qb2 33. Bxg6 Qxd4 34. Qxd4 Nxd4 35. Bxh5 Nxe5 36. f4 Nc4 37. Ra1 a5 38. Kf2 f6 39. Nf3 Nb3 40. Ra4 Nc5 41. Ra1 Nd3+ 42. Kg3 Kh6 43. Nd4 e5 44. Be2 Rg8+ 45. Kh2 Nxf4 46. Nf5+ Kh7 47. Bxc4 Rxg2+ 48. Kh1 dxc4 49. Ne3 Rg3 50. Nxc4 Rg4 51. Nxa5 Rxh4+ 52. Kg1 Kg6 53. Nc6 Ne2+ 54. Kf2 Nd4 55. Rg1+ Kf7 56. Na5 Ke6 57. Nb7 Kd5 58. Rg6 Rh2+ 59. Ke3 Re2+ 60. Kd3 e4+ 61. Kc3 Rc2+ 0-1

[Event "Warsaw Najdorf Memorial op-A 12th"]
[Site "Warsaw"]
[Date "2014.07.17"]
[Round "6"]
[White "Vaarala, Eric"]
[Black "Wisniowska, Klaudia"]
[Result "0-1"]
[WhiteElo "2282"]
[BlackElo "2186"]
[PlyCount "92"]
[EventDate "2014.07.14"]
[EventType "swiss"]
[EventRounds "9"]
[EventCountry "POL"]
[SourceTitle "CBM 161 Extra"]
[Source "ChessBase"]
[SourceDate "2014.08.29"]
[SourceVersion "1"]
[SourceVersionDate "2014.08.29"]
[SourceQuality "1"]

1. d4 g6 2. c4 Bg7 3. Nc3 Nf6 4. e4 d6 5. f3 0-0 6. Nge2 Nc6 7. Be3 a6 8. Qd2 Na5 9. Ng3 b5 10. Bh6 Nxc4 11. Bxc4 bxc4 12. h4 e5 13. Bxg7 Kxg7 14. h5 Ng8 15. 0-0-0 Be6 16. Nge2 h6 17. g3 g5 18. Qe3 Qe7 19. dxe5 dxe5 20. Na4 Rfd8 21. Nc5 Rd6 22. Nxe6+ Qxe6 23. g4 Rad8 24. Nc3 Ne7 25. Qa7 Rxd1+ 26. Rxd1 Qb6 27. Qxb6 Rxd1+ 28. Nxd1 cxb6 29. Ne3 b5 30. Kd2 Kf6 31. Kc3 Ke6 32. Kd2 Kd6 33. Kc3 Kc5 34. b4+ cxb3 35. axb3 a5 36. Kd3 a4 37. bxa4 bxa4 38. Kc3 f6 39. Nc2 Nc6 40. Ne3 Ne7 41. Nc2 Nc6 42. Ne3 Nd4 43. Kb2 Kb5 44. Ka3 Ka5 45. Nc4+ Ka6 46. Nd6 Nb5+ 0-1

[Event "Krakow op-A 24th"]
[Site "Krakow"]
[Date "2014.01.02"]
[Round "7"]
[White "Wisniowska, Klaudia"]
[Black "Ruecker, Benjamin"]
[Result "1/2-1/2"]
[WhiteElo "2182"]
[BlackElo "2258"]
[PlyCount "38"]
[EventDate "2013.12.27"]
[EventType "swiss"]
[EventRounds "9"]
[EventCountry "POL"]
[SourceTitle "CBM 158 Extra"]
[Source "ChessBase"]
[SourceDate "2014.02.28"]
[SourceVersion "1"]
[SourceVersionDate "2014.02.28"]
[SourceQuality "1"]

1. e4 c5 2. Nf3 d6 3. d4 cxd4 4. Nxd4 Nf6 5. Nc3 a6 6. Be3 e5 7. Nb3 Be7 8. h3 Be6 9. f4 exf4 10. Bxf4 Nc6 11. Qe2 Ne5 12. 0-0-0 Qc7 13. Kb1 0-0 14. Nd4 Rac8 15. g4 Nc4 16. Nxe6 fxe6 17. Qxc4 Qxc4 18. Bxc4 Rxc4 19. Bxd6 Bxd6 1/2-1/2